[Event "World Rapid Women 2021"]
[Site "Warsaw POL"]
[Date "2021.12.28"]
[Round "9.32"]
[White "Zhukova, Natalia"]
[Black "Jakubowska, Anna"]
[Result "1-0"]
[WhiteTitle "GM"]
[BlackTitle "WIM"]
[WhiteElo "2335"]
[BlackElo "2106"]
[WhiteFideId "14101513"]
[BlackFideId "1121952"]
[EventDate "2021.12.26"]

1. c4 e5 2. Nc3 Nc6 3. Nf3 f5 4. g3 g6 5. d4 e4 6. d5 exf3 7. dxc6 dxc6 8. Qxd8+
Kxd8 9. exf3 Be6 10. Bg5+ Ke8 11. O-O-O Kf7 12. Ne2 Bxc4 13. Rd7+ Ke8 14. Rxc7
Ba6 15. Nd4 Bd6 16. Bxa6 Bxc7 17. Re1+ Kd7 18. Bxb7 Rf8 19. Ne6 Rf7 20. Nc5+ Kd6
21. b4 Ne7 22. Re6+ Kd5 23. Bxe7 Kc4 24. Ba6+ Kxb4 25. Nb3+ Ka4 26. Bf6 Rhf8 27.
Bc3 Bb6 28. Rxc6 Rc7 29. Nc5+ Ka3 30. Rxc7 Bxc7 31. Ne6 Rf7 32. Bc4 Re7 33. Nd4
Bb6 34. Bb2+ Ka4 35. Bb3+ 1-0

[Event "World Rapid Women 2021"]
[Site "Warsaw POL"]
[Date "2021.12.28"]
[Round "9.33"]
[White "Maisuradze, Nino"]
[Black "Bodnaruk, Anastasia"]
[Result "0-1"]
[WhiteTitle "WGM"]
[BlackTitle "IM"]
[WhiteElo "2202"]
[BlackElo "2396"]
[WhiteFideId "13601717"]
[BlackFideId "4181751"]
[EventDate "2021.12.26"]

1. d4 Nf6 2. c4 g6 3. Nc3 Bg7 4. e4 d6 5. f4 O-O 6. Nf3 c5 7. d5 e6 8. Be2 exd5
9. cxd5 Bg4 10. O-O Re8 11. h3 Bxf3 12. Bxf3 Nbd7 13. Re1 a6 14. a4 c4 15. Be3
Rc8 16. Bd4 Nc5 17. e5 Nfd7 18. e6 Bxd4+ 19. Qxd4 Nb3 20. Qf2 Ndc5 21. exf7+
Kxf7 22. Rxe8 Qxe8 23. Re1 Qh8 24. Qh4 Re8 25. Rxe8 Kxe8 26. Kh2 Nd4 27. Be4 Qg7
28. Qf2 Qf6 29. g4 g5 30. Bxh7 gxf4 31. Ne4 Nxe4 32. Bxe4 Qe5 33. Bg6+ Kf8 34.
h4 Kg7 35. h5 f3+ 36. Kh3 Ne2 37. Kh4 Kh6 38. Bf5 Qf4 39. Kh3 Qc1 40. Kh2 Qf4+
41. Kh3 Qe5 42. Kh4 Qf4 43. Kh3 Nd4 44. Be6 b5 45. a5 b4 46. Qh4 f2 47. g5+ Qxg5
48. Qxf2 Qxh5+ 49. Kg2 Nxe6 50. dxe6 Qg4+ 51. Kf1 Qd1+ 52. Kg2 Qg4+ 53. Kf1 Qxe6
54. Qd2+ Kg6 55. Qxb4 d5 56. Qb6 Kf7 57. Qb7+ Kf6 58. Qb6 Ke7 59. Qb7+ Kf6 60.
Qb6 Kf5 61. Qf2+ Kg5 62. Qb6 Qf5+ 63. Ke1 Qe4+ 64. Kd1 Qd3+ 65. Kc1 Qf1+ 66. Kc2
Qd3+ 67. Kc1 d4 68. Qxa6 Qf1+ 69. Kc2 d3+ 70. Kc3 Qc1+ 71. Kd4 d2 72. Qb5+ Kh4
73. Qxc4 d1=Q+ 74. Kc5+ Qxc4+ 75. Kxc4 Qa4+ 76. b4 Qc6+ 0-1

[Event "World Rapid Women 2021"]
[Site "Warsaw POL"]
[Date "2021.12.28"]
[Round "9.34"]
[White "Garcia Martin, Marta"]
[Black "Injac, Teodora"]
[Result "0-1"]
[WhiteTitle "IM"]
[BlackTitle "WGM"]
[WhiteElo "2325"]
[BlackElo "2407"]
[WhiteFideId "32084030"]
[BlackFideId "932400"]
[EventDate "2021.12.26"]

1. e4 e5 2. Nf3 Nc6 3. Bc4 Bc5 4. O-O Nf6 5. d3 d6 6. c3 a6 7. a4 h6 8. Re1 O-O
9. h3 Ba7 10. Nbd2 Be6 11. Bxe6 fxe6 12. b4 Qe8 13. Ra2 Nh5 14. Nc4 b5 15. Ne3
Qf7 16. Ng4 Nf4 17. Bxf4 Qxf4 18. Qe2 Bb6 19. Rd1 Rae8 20. Rb2 d5 21. Qd2 h5 22.
Qxf4 exf4 23. Nge5 Nxe5 24. Nxe5 bxa4 25. Re1 Rd8 26. d4 Kh7 27. Ra2 a5 28. b5
dxe4 29. Nc6 Rd5 30. c4 Rxd4 31. Nxd4 Bxd4 32. Rxe4 e5 33. Rxa4 Ra8 34. Re2 Kg6
35. Rea2 Bb6 36. Rd2 Kf5 37. Kf1 g5 38. Rd5 Ke6 39. Ke2 g4 40. hxg4 hxg4 41. Ra1
a4 42. Rad1 Bd4 43. Rd2 a3 44. Ra2 Bb2 45. Rc5 Kd6 46. Rc6+ Kd7 47. Rg6 Ra4 48.
Kd3 e4+ 49. Kxe4 Rxc4+ 50. Kd5 Rd4+ 51. Kc5 Rd2 52. Kc4 g3 53. fxg3 Rxg2 54. g4
f3 55. Kd3 Bc1 56. Ra1 f2 57. Ke2 Bb2 58. Ra2 Ke7 59. Rg5 Bf6 60. Kf1 Rg3 61.
Kxf2 Rb3 62. Rd5 Rb2+ 63. Rd2 Rxd2+ 64. Rxd2 Bb2 65. Kf3 a2 66. Rd1 a1=Q 67.
Rxa1 Bxa1 68. Ke4 Kd6 0-1

[Event "World Rapid Women 2021"]
[Site "Warsaw POL"]
[Date "2021.12.28"]
[Round "9.35"]
[White "Maltsevskaya, Aleksandra"]
[Black "Semenova, Elena1"]
[Result "0-1"]
[WhiteTitle "IM"]
[BlackTitle "WIM"]
[WhiteElo "2400"]
[BlackElo "2278"]
[WhiteFideId "24174041"]
[BlackFideId "24125148"]
[EventDate "2021.12.26"]

1. d4 Nf6 2. Nf3 d5 3. c4 e6 4. g3 Be7 5. Bg2 O-O 6. Qc2 c5 7. O-O cxd4 8. Nxd4
Nc6 9. Nxc6 bxc6 10. Nc3 Ba6 11. Qa4 Bb7 12. Rd1 Nd7 13. Be3 Nb6 14. Qb3 Ba6 15.
cxd5 cxd5 16. Bd4 Bf6 17. Bc5 Be7 18. Bd4 Bf6 19. Bxf6 Qxf6 20. e4 Bc4 21. Qc2
Rac8 22. Qd2 Rfd8 23. exd5 Nxd5 24. Ne4 Qe7 25. Qa5 f5 26. Nc3 Nxc3 27. Rxd8+
Qxd8 28. Qxc3 Bd5 29. Qe3 Qb6 30. Qxb6 axb6 31. Bxd5 exd5 32. b3 Rc2 33. Kg2 Kf7
34. Kf3 Ke6 35. b4 Rb2 36. a3 d4 37. Rc1 Kd5 38. Rc8 g5 39. g4 fxg4+ 40. Kg3 d3
41. Rd8+ Kc4 42. Kxg4 Rxf2 43. a4 Rxh2 44. a5 bxa5 45. bxa5 Ra2 46. Kxg5 Rxa5+
47. Kf4 Rd5 0-1

[Event "World Rapid Women 2021"]
[Site "Warsaw POL"]
[Date "2021.12.28"]
[Round "9.36"]
[White "Nurgali, Nazerke"]
[Black "Kulon, Klaudia"]
[Result "1/2-1/2"]
[WhiteTitle "WIM"]
[BlackTitle "IM"]
[WhiteElo "2260"]
[BlackElo "2335"]
[WhiteFideId "13711261"]
[BlackFideId "1131044"]
[EventDate "2021.12.26"]

1. d4 Nf6 2. c4 g6 3. Nf3 Bg7 4. Nc3 O-O 5. e4 d6 6. Be2 e5 7. dxe5 dxe5 8. Qxd8
Rxd8 9. Bg5 c6 10. Nxe5 Re8 11. O-O-O h6 12. Bxf6 Bxf6 13. f4 Na6 14. Bf3 Be6
15. b3 Nc5 16. Kc2 a5 17. Nd3 Na6 18. e5 Be7 19. Ne4 Bf5 20. g4 Bxe4 21. Bxe4 g5
22. f5 Nb4+ 23. Kb1 Nxd3 24. Bxd3 Bb4 25. h4 Rxe5 26. hxg5 hxg5 27. Rh5 f6 28.
Rh6 Rf8 29. Rg6+ Kf7 30. c5 Re7 31. Bc4+ Ke8 32. Be6 Bxc5 33. Rh6 Bb6 34. Rh3
Bc7 35. Kc2 Be5 36. Rhd3 Bc7 37. Rd7 Rxd7 38. Rxd7 Bd8 39. Rxb7 Rh8 40. Bf7+ Kf8
41. Bh5 Kg8 42. Rd7 Bb6 43. Rd6 Kg7 44. Rxc6 Rb8 45. Kd3 Rb7 46. Ke4 Bc7 47. Rc5
Kf8 48. Kd5 Ke7 49. Kc6 Ra7 50. Rd5 Bd8 51. Kb5 Rb7+ 52. Kc4 Rb4+ 53. Kd3 Bc7
54. Rc5 Kd6 55. Rc2 Rb5 56. Bf7 Re5 57. Be6 Bb6 58. Rc8 Re3+ 59. Kc4 Bc7 60. Rf8
Ke5 61. Rf7 Bd6 62. Kb5 Bb4 63. a3 Bxa3 64. Kxa5 Re4 65. Rb7 Rxg4 66. b4 Rg1 67.
Ka4 Ra1 68. Kb3 g4 69. Rg7 Kf4 70. b5 Bd6 71. Kc4 Be5 72. b6 Rb1 73. b7 g3 74.
Kc5 Rb2 75. Bd5 Kxf5 76. Kc4 Kf4 77. Kd3 Rb4 78. Bc6 Rb3+ 79. Ke2 Re3+ 80. Kf1
Rc3 81. Bd5 Rc5 82. Rd7 f5 83. Ke2 Rc2+ 84. Kd3 Rc1 85. Re7 Rd1+ 86. Kc4 Rb1 87.
Re8 Rb2 88. Rg8 Ke3 89. Re8 Kf4 90. Rg8 Bc7 91. Rg7 Bb8 92. Rg8 Be5 93. Kd3 Rb4
94. Bc6 Rb3+ 95. Ke2 Re3+ 96. Kf1 Rc3 97. Bd5 Rc5 98. Rd8 Ke3 99. Re8 Rc1+ 100.
Kg2 Rc2+ 101. Kg1 Rc1+ 102. Kg2 Rc2+ 103. Kg1 1/2-1/2

[Event "World Rapid Women 2021"]
[Site "Warsaw POL"]
[Date "2021.12.28"]
[Round "9.37"]
[White "Wikar, Martyna"]
[Black "Dworakowska, Joanna"]
[Result "0-1"]
[WhiteTitle "WFM"]
[BlackTitle "IM"]
[WhiteElo "2168"]
[BlackElo "2321"]
[WhiteFideId "21807663"]
[BlackFideId "1107445"]
[EventDate "2021.12.26"]

1. e4 c5 2. Nf3 d6 3. d4 cxd4 4. Nxd4 Nf6 5. Nc3 a6 6. f4 e5 7. Nb3 Be7 8. fxe5
dxe5 9. Qxd8+ Bxd8 10. Be2 Nc6 11. Bg5 h6 12. Be3 Bg4 13. Bf3 Bxf3 14. gxf3 Ne7
15. O-O-O Rc8 16. h4 Nh5 17. Nd5 Ng6 18. Nc5 Rb8 19. Rhg1 Nxh4 20. f4 exf4 21.
Nxf4 Bg5 22. Nd5 Bxe3+ 23. Nxe3 Nf3 24. Rh1 Ng3 25. Rh3 Ne2+ 26. Kb1 Ne5 27. Nd5
g5 28. Rdh1 Kf8 29. Rxh6 Rxh6 30. Rxh6 Kg7 31. Rh5 Kg6 32. Rh2 Nd4 33. Ne7+ Kf6
34. Nd5+ Kg6 35. c3 Ndf3 36. Rg2 g4 37. Ne7+ Kg5 38. Nf5 Rh8 39. a4 b5 40. Nxa6
bxa4 41. Nc5 Ra8 42. Ka2 Kf4 43. Ka3 Ne1 44. Rg1 N5f3 45. Rg3 Rb8 46. Nxa4 Rb5
47. c4 Nc2+ 48. Ka2 Rxf5 49. Rg2 Ne3 50. exf5 Nxg2 51. c5 Ne5 52. Nc3 Ne3 53. b4
Kf3 54. b5 g3 55. c6 N3c4 56. c7 Nb6 57. Nd5 g2 58. Nxb6 g1=Q 59. c8=Q Qxb6 60.
Qc3+ Kf4 61. Qc1+ Kxf5 62. Qf1+ Ke6 63. Qh3+ Kd5 64. Qb3+ Kd6 65. Qa3+ Qc5 66.
Qa6+ Kd5 67. Qa8+ Kd4 68. Qa6 Qc2+ 69. Ka1 Qc3+ 70. Ka2 Qc4+ 71. Ka1 Nd3 72.
Qf6+ Kc5 73. Qe7+ Kxb5 74. Qb7+ Kc5 75. Qe7+ Kd4 76. Qf6+ Ke3 77. Qe7+ Kd2 78.
Qg5+ Kc3 79. Qa5+ Nb4 80. Qe5+ Qd4 81. Qg3+ Kc2+ 0-1

[Event "World Rapid Women 2021"]
[Site "Warsaw POL"]
[Date "2021.12.28"]
[Round "9.38"]
[White "Fernandez, Maria Florencia"]
[Black "Kubicka, Anna"]
[Result "0-1"]
[WhiteTitle "WIM"]
[BlackTitle "WIM"]
[WhiteElo "2229"]
[BlackElo "2266"]
[WhiteFideId "116459"]
[BlackFideId "1152254"]
[EventDate "2021.12.26"]

1. d4 g6 2. c4 Bg7 3. Nc3 d6 4. e4 e5 5. d5 Ne7 6. g4 c6 7. Be3 O-O 8. h4 cxd5
9. cxd5 f5 10. gxf5 gxf5 11. f3 Kh8 12. h5 Ng8 13. Qd2 b6 14. O-O-O f4 15. Bf2
Na6 16. Kb1 Nc5 17. Bb5 Ne7 18. Nh3 Bf6 19. Rdg1 Bxh3 20. Rxh3 a6 21. Be2 Qd7
22. Rh2 Qc7 23. Rc1 Qb7 24. Qe1 Rac8 25. Bh4 b5 26. Bxf6+ Rxf6 27. Qh4 Rf7 28.
Bf1 b4 29. Nd1 Ng8 30. Bh3 Rcc7 31. Nf2 b3 32. a3 Na4 33. Rg1 Rg7 34. Rxg7 Rxg7
35. Ng4 Qb5 36. Rd2 Rc7 37. Qd8 Qc5 38. Qxc7 Qxc7 39. Bf1 Qa5 40. Rd1 Qc5 41.
Bd3 Qd4 42. Rd2 Qg1+ 0-1

[Event "World Rapid Women 2021"]
[Site "Warsaw POL"]
[Date "2021.12.28"]
[Round "9.39"]
[White "Sandu, Mihaela"]
[Black "Nur-Mukhametova, Alisa"]
[Result "0-1"]
[WhiteTitle "WGM"]
[WhiteElo "2269"]
[BlackElo "2225"]
[WhiteFideId "1204327"]
[BlackFideId "54117739"]
[EventDate "2021.12.26"]

1. e4 e6 2. d4 d5 3. Nc3 Bb4 4. e5 c5 5. a3 Bxc3+ 6. bxc3 Ne7 7. Nf3 Nbc6 8. a4
Qa5 9. Bd2 c4 10. g3 O-O 11. Bh3 Bd7 12. O-O f5 13. exf6 Rxf6 14. Qe2 h6 15. Ne5
Nxe5 16. Qxe5 Nc6 17. Qe2 Raf8 18. Bg4 Ne7 19. Qe5 Nc6 20. Qe1 Nd8 21. Bc1 Nf7
22. h4 Re8 23. Ba3 Qc7 24. f4 Bxa4 25. Be7 Rxe7 26. Rxa4 a6 0-1

[Event "World Rapid Women 2021"]
[Site "Warsaw POL"]
[Date "2021.12.28"]
[Round "9.40"]
[White "Kolaric, Spela"]
[Black "Jarocka, Liwia"]
[Result "1-0"]
[WhiteTitle "WFM"]
[BlackTitle "FM"]
[WhiteElo "2185"]
[BlackElo "2006"]
[WhiteFideId "14607093"]
[BlackFideId "21807558"]
[EventDate "2021.12.26"]

1. Nf3 Nf6 2. g3 e6 3. Bg2 d5 4. O-O Be7 5. c4 O-O 6. b3 c5 7. Bb2 Nc6 8. cxd5
Nxd5 9. d3 Bf6 10. Qc1 b6 11. Nbd2 Bb7 12. Ne4 Bxb2 13. Qxb2 Rc8 14. Rac1 Qe7
15. Rfd1 e5 16. Nc3 Nxc3 17. Qxc3 Nd4 18. Nxd4 exd4 19. Qd2 Bxg2 20. Kxg2 Rfe8
21. Re1 Qf6 22. Qf4 Qe6 23. Qf3 Rcd8 24. e4 dxe3 25. Rxe3 Qd7 26. Rce1 Rxe3 27.
Rxe3 h6 28. Qe4 a5 29. Kf3 Qh3 30. Qe7 Rd5 31. Ke2 Rf5 32. Qe8+ Kh7 33. Qe4 g6
34. g4 Rxf2+ 35. Kxf2 Qxh2+ 36. Qg2 Qf4+ 37. Rf3 Qd4+ 38. Kg3 f6 39. Qe2 Qg1+
40. Qg2 Qe1+ 41. Qf2 Qe5+ 42. Kg2 Qg5 43. Rg3 b5 44. Qe3 Qd5+ 45. Qe4 Qg5 46.
Re3 h5 47. Qe7+ Kg8 48. Qe8+ Kg7 49. Re7+ Kh6 50. Qh8# 1-0

[Event "World Rapid Women 2021"]
[Site "Warsaw POL"]
[Date "2021.12.28"]
[Round "9.41"]
[White "Rudzinska, Michalina"]
[Black "Loskutova, Viktoriya"]
[Result "0-1"]
[WhiteTitle "WFM"]
[BlackTitle "WFM"]
[WhiteElo "2215"]
[BlackElo "2100"]
[WhiteFideId "1172883"]
[BlackFideId "34166278"]
[EventDate "2021.12.26"]

1. Nf3 Nf6 2. b3 g6 3. Bb2 Bg7 4. g3 O-O 5. Bg2 d6 6. d4 Nbd7 7. O-O c6 8. c4
Qc7 9. Nbd2 e5 10. dxe5 dxe5 11. Qc2 Re8 12. c5 e4 13. Ng5 e3 14. fxe3 Ne5 15.
Nc4 Neg4 16. e4 h6 17. Nxf7 Kxf7 18. Nd6+ Kg8 19. Nxe8 Nxe8 20. Qc4+ Kh7 21. Rf7
Qd8 22. Qc3 Ngf6 23. e5 Nh5 24. Bf3 Qg5 25. Bxh5 gxh5 26. Raf1 Rb8 27. h4 Qg6
28. Re7 Be6 29. Rf6 Qb1+ 30. Kf2 Bd5 31. Qd2 Kg8 32. Bc1 Qe4 33. Rf3 Qg4 34. Rf4
Qh3 35. e4 Be6 36. Qe1 Bxe5 37. Qf1 Qxf1+ 38. Kxf1 Bh3+ 39. Kg1 Bxf4 40. Bxf4
Rd8 41. Rxb7 Nf6 42. Kf2 Nxe4+ 43. Ke3 Nxc5 44. Rxa7 Rd3+ 45. Kf2 Bg4 46. Re7
Rc3 47. Bxh6 Rc2+ 48. Kg1 Rxa2 49. Rg7+ Kh8 50. Rc7 Bf3 51. b4 Nd3 52. Rc8+ Kh7
53. Be3 Nxb4 54. Rc7+ Kg6 55. Rd7 Bd5 56. Bf2 Nd3 57. Bd4 Rc2 58. Rg7+ Kf5 59.
Rg5+ Ke6 60. Be3 Re2 61. Rg6+ Kf7 0-1

[Event "World Rapid Women 2021"]
[Site "Warsaw POL"]
[Date "2021.12.28"]
[Round "9.42"]
[White "Bartel, Marta"]
[Black "Malicka, Maria"]
[Result "1-0"]
[WhiteTitle "WGM"]
[BlackTitle "FM"]
[WhiteElo "2192"]
[BlackElo "2307"]
[WhiteFideId "1123009"]
[BlackFideId "1197576"]
[EventDate "2021.12.26"]

1. d4 Nf6 2. Nf3 g6 3. Nc3 d5 4. Bf4 Bg7 5. e3 O-O 6. Be2 b6 7. Nb5 Ne8 8. c4 c6
9. Nc3 Ba6 10. cxd5 Bxe2 11. Qxe2 cxd5 12. Rc1 e6 13. O-O Nd7 14. Rc2 a6 15. Na4
f6 16. Rfc1 e5 17. dxe5 fxe5 18. Bg5 Qb8 19. Rc6 Nef6 20. Bh4 Kh8 21. Qd1 Ra7
22. Qb3 b5 23. Nc5 Nxc5 24. R6xc5 e4 25. Nd4 Qe5 26. Nc6 Qc7 27. Nxa7 Qxa7 28.
Bxf6 Bxf6 29. Rc8 Qe7 30. Rxf8+ Qxf8 31. Qc2 Kg7 32. Qc7+ Kh6 33. b3 d4 34. Qf4+
g5 35. Qxe4 dxe3 36. Qxe3 Qd6 37. g3 Bd4 38. Qe2 Qf6 39. Rd1 Kg7 40. h3 h5 41.
Kg2 Qc6+ 42. Qf3 Qc5 43. Qxh5 Qd5+ 44. Qf3 Qc5 45. Rd2 a5 46. Qe4 Bc3 47. Rd7+
Kf6 48. Rd5 1-0

[Event "World Rapid Women 2021"]
[Site "Warsaw POL"]
[Date "2021.12.28"]
[Round "9.43"]
[White "Smietanska, Wiktoria"]
[Black "Utiatskaja, Irina"]
[Result "1-0"]
[WhiteTitle "CM"]
[BlackTitle "WIM"]
[WhiteElo "1910"]
[BlackElo "2184"]
[WhiteFideId "21869359"]
[BlackFideId "24140848"]
[EventDate "2021.12.26"]

1. e4 c5 2. Nf3 e6 3. d3 Nc6 4. g3 d6 5. Bg2 Nf6 6. O-O Be7 7. Qe2 e5 8. c3 O-O
9. Rd1 Re8 10. d4 exd4 11. cxd4 Bf8 12. Nc3 cxd4 13. Nxd4 Bg4 14. f3 Nxd4 15.
Rxd4 Bd7 16. Be3 Bc6 17. Rad1 Qa5 18. b4 Qh5 19. a3 h6 20. Qd2 Nd7 21. b5 Bxb5
22. Rd5 Ne5 23. Nxb5 Nxf3+ 24. Bxf3 Qxf3 25. Nc7 Rxe4 26. Nxa8 Rxe3 27. Rd3 Rxd3
28. Qxd3 Qc6 29. Qd5 Qd7 30. Rf1 g6 31. Qc4 Bg7 32. Nc7 Be5 33. Nd5 Qh3 34. Ne7+
Kh8 35. Qc8+ Qxc8 36. Nxc8 Kg7 37. Rd1 1-0

[Event "World Rapid Women 2021"]
[Site "Warsaw POL"]
[Date "2021.12.28"]
[Round "9.44"]
[White "Yakimova, Mariya"]
[Black "Dylag, Emilia"]
[Result "1-0"]
[WhiteTitle "WFM"]
[BlackTitle "WFM"]
[WhiteElo "2198"]
[BlackElo "1956"]
[WhiteFideId "34188859"]
[BlackFideId "21805172"]
[EventDate "2021.12.26"]

1. d4 d5 2. c4 e6 3. Nf3 Nf6 4. g3 Be7 5. Bg2 O-O 6. O-O dxc4 7. Qc2 b5 8. a4 b4
9. Nfd2 c6 10. Nxc4 a5 11. Rd1 Bb7 12. Nbd2 Nbd7 13. Nb3 Ne8 14. Bf4 Bg5 15.
Bxg5 Qxg5 16. Rac1 Qe7 17. Ncxa5 Nd6 18. Nxb7 Nxb7 19. Qxc6 Na5 20. Nxa5 Rxa5
21. b3 Nf6 22. Qc7 Ra7 23. Qxe7 Rxe7 24. Rc4 Rb8 25. Rdc1 Ree8 26. e3 g6 27. Rc7
e5 28. dxe5 Rxe5 29. Rc8+ Rxc8 30. Rxc8+ Kg7 31. Rc4 1-0

[Event "World Rapid Women 2021"]
[Site "Warsaw POL"]
[Date "2021.12.28"]
[Round "9.45"]
[White "Efimenko, Maria"]
[Black "Katkov, Michelle"]
[Result "1-0"]
[WhiteTitle "WIM"]
[BlackTitle "WFM"]
[WhiteElo "2245"]
[BlackElo "2151"]
[WhiteFideId "14124327"]
[BlackFideId "2816393"]
[EventDate "2021.12.26"]

1. e4 e5 2. Nf3 Nc6 3. Bb5 a6 4. Ba4 Nf6 5. d3 d6 6. c3 g6 7. O-O Bg7 8. h3 O-O
9. Re1 b5 10. Bc2 Nh5 11. Bg5 f6 12. Be3 f5 13. Bb3+ Kh8 14. exf5 Ne7 15. fxg6
hxg6 16. Nbd2 Bb7 17. Ng5 Qd7 18. Nde4 Nd5 19. Qg4 Qxg4 20. hxg4 Nhf4 21. Bxf4
Rxf4 22. Ne6 Rxg4 23. f3 Rh4 24. Kf2 Nf4 25. Nxf4 exf4 26. Rh1 Rh6 27. Ng5 Rh5
28. Rxh5+ gxh5 29. Rh1 d5 30. Rxh5+ Kg8 31. Ne6 Kf7 32. Nxc7 Rc8 33. Nxd5 Kg6
34. Nxf4+ Kf6 35. Be6 Re8 36. Rf5+ 1-0

[Event "World Rapid Women 2021"]
[Site "Warsaw POL"]
[Date "2021.12.28"]
[Round "9.46"]
[White "Alymbai kyzy, Aizhan"]
[Black "Hryzlova, Sofiia"]
[Result "1-0"]
[BlackTitle "WCM"]
[WhiteElo "1889"]
[BlackElo "2097"]
[WhiteFideId "13800043"]
[BlackFideId "14174669"]
[EventDate "2021.12.26"]

1. e4 c5 2. c3 d5 3. exd5 Nf6 4. d4 Nxd5 5. Nf3 e6 6. Be2 Nc6 7. O-O Qc7 8. Na3
a6 9. Nc2 Bd6 10. dxc5 Bxc5 11. Ncd4 O-O 12. Nxc6 bxc6 13. Qc2 h6 14. a3 a5 15.
Nd2 Nf4 16. Bf3 a4 17. Ne4 Be7 18. Be3 Ra5 19. Ng3 Ng6 20. Rad1 c5 21. c4 Nh4
22. Be2 Bb7 23. f3 Bc6 24. Bf2 Rb8 25. Ne4 Nf5 26. Kh1 Qb7 27. Qc3 Qa8 28. Rd2
Bxe4 29. fxe4 Bf6 30. Qf3 Nd4 31. Bxd4 cxd4 32. Bd3 Qb7 33. Re2 e5 34. Qg3 Qc6
35. Ref2 Bg5 36. Rxf7 Rb7 37. Rf8+ Kh7 38. Qg4 Qg6 39. Qc8 Qb6 40. Rh8+ Kg6 41.
Qe8+ 1-0

[Event "World Rapid Women 2021"]
[Site "Warsaw POL"]
[Date "2021.12.28"]
[Round "9.47"]
[White "Heredia Serrano, Carla"]
[Black "Kucharska, Honorata"]
[Result "0-1"]
[WhiteTitle "WGM"]
[BlackTitle "WFM"]
[WhiteElo "2121"]
[BlackElo "2146"]
[WhiteFideId "3603687"]
[BlackFideId "1163868"]
[EventDate "2021.12.26"]

1. d4 d5 2. Nc3 Nf6 3. Bf4 e6 4. Nb5 Na6 5. e3 Be7 6. Nf3 O-O 7. Nc3 c5 8. Bxa6
bxa6 9. O-O Bb7 10. h3 Rc8 11. Ne5 Nd7 12. Nb1 Nxe5 13. Bxe5 f6 14. Bg3 Bd6 15.
Qg4 Re8 16. Nd2 cxd4 17. Bxd6 Qxd6 18. Qxd4 Rxc2 19. Nb3 Qb6 20. Qa4 Bc6 21. Qa3
Bb5 22. Rfc1 Rc4 23. Nd4 g6 24. b3 Rxc1+ 25. Rxc1 e5 26. Nf3 d4 27. exd4 exd4
28. b4 d3 29. Qb3+ Qe6 30. Qxe6+ Rxe6 31. Nd4 d2 32. Rc8+ Re8 0-1

[Event "World Rapid Women 2021"]
[Site "Warsaw POL"]
[Date "2021.12.28"]
[Round "9.48"]
[White "Gaboyan, Susanna"]
[Black "Szczotka, Klara"]
[Result "0-1"]
[WhiteTitle "WIM"]
[WhiteElo "2254"]
[BlackElo "1755"]
[WhiteFideId "13303627"]
[BlackFideId "21858845"]
[EventDate "2021.12.26"]

1. e4 c5 2. Nc3 e6 3. f4 Nc6 4. Nf3 d6 5. Bc4 Nf6 6. d3 a6 7. a4 Be7 8. O-O O-O
9. Kh1 Rb8 10. Be3 d5 11. Ba2 d4 12. Bg1 dxc3 13. bxc3 b5 14. Qe2 b4 15. cxb4
Nxb4 16. Bc4 Qc7 17. h3 Nd7 18. f5 exf5 19. Bh2 f4 20. e5 Nb6 21. Bb3 Be6 22.
Bxf4 N6d5 23. Bh2 Qd7 24. Qd2 Nc6 25. Ng5 Nd4 26. Bxd5 Qxd5 27. Ne4 Rb2 28. c4
Qb7 29. Qf4 Re2 30. Rae1 Rxe1 31. Rxe1 Nf5 32. Qf3 Qd7 33. Rb1 Rd8 34. Nc3 Qxd3
35. Qxd3 Rxd3 36. Ne4 Rd8 37. g4 Ne3 38. Nd6 Bxd6 39. exd6 Nxc4 40. d7 Bxd7 41.
Rd1 Bc6+ 0-1

[Event "World Rapid Women 2021"]
[Site "Warsaw POL"]
[Date "2021.12.28"]
[Round "9.49"]
[White "Parol, Pola"]
[Black "Da Silva, Cibele Florencio"]
[Result "1-0"]
[WhiteTitle "WFM"]
[WhiteElo "2067"]
[BlackElo "1405"]
[WhiteFideId "1163116"]
[BlackFideId "2116901"]
[EventDate "2021.12.26"]

1. e4 e5 2. Nf3 Nc6 3. Bb5 Nf6 4. d3 a6 5. Ba4 b5 6. Bb3 Bc5 7. c3 h6 8. O-O d6
9. a4 Bb7 10. d4 Bb6 11. Re1 O-O 12. axb5 axb5 13. Rxa8 Bxa8 14. Na3 Na7 15.
dxe5 Nxe4 16. Be3 Bxe3 17. fxe3 Ng5 18. Nd4 Qd7 19. exd6 Qxd6 20. Qg4 b4 21. Nc4
Qg6 22. Ne5 Qe4 23. Qxe4 Bxe4 24. Rf1 bxc3 25. bxc3 Nc8 26. h4 Ne6 27. Nxe6 fxe6
28. Bxe6+ Kh8 29. Rxf8+ Kh7 30. Rxc8 c6 31. Bg8+ 1-0

[Event "World Rapid Women 2021"]
[Site "Warsaw POL"]
[Date "2021.12.28"]
[Round "9.50"]
[White "Budkiewicz, Magdalena"]
[Black "Brambilla, Renee Blandy T."]
[Result "1-0"]
[WhiteElo "1929"]
[BlackElo "1536"]
[WhiteFideId "1194917"]
[BlackFideId "2115085"]
[EventDate "2021.12.26"]

1. e4 c5 2. Nf3 Nc6 3. d4 cxd4 4. Nxd4 Nf6 5. Nc3 e5 6. Ndb5 d6 7. Bg5 a6 8. Na3
b5 9. Nd5 Be7 10. Bxf6 Bxf6 11. c3 O-O 12. Be2 Be7 13. O-O f5 14. Bf3 f4 15. Nc2
Be6 16. Qd3 Kh8 17. Rfd1 Bxd5 18. Qxd5 Qb6 19. Bg4 Bh4 20. Rd2 Rad8 21. Qd3 Rf6
22. Rad1 Rh6 23. Ne1 Be7 24. Qd5 Rf8 25. Nf3 Nd8 26. Qb3 Nf7 27. a4 Ng5 28. Nxg5
Bxg5 29. Bf3 Be7 30. axb5 axb5 31. Ra1 g5 32. Qd5 Rg6 33. Bh5 Rg7 34. Bg4 h5 35.
Bf5 g4 36. Kf1 Rf6 37. Ra8+ Rf8 38. Rxf8+ Bxf8 39. Qe6 Rg8 40. Qf6+ Bg7 41. Qg6 1-0

[Event "World Rapid Women 2021"]
[Site "Warsaw POL"]
[Date "2021.12.28"]
[Round "10.1"]
[White "Kosteniuk, Alexandra"]
[Black "Assaubayeva, Bibisara"]
[Result "1/2-1/2"]
[WhiteTitle "GM"]
[BlackTitle "IM"]
[WhiteElo "2516"]
[BlackElo "2434"]
[WhiteFideId "4128125"]
[BlackFideId "13708694"]
[EventDate "2021.12.26"]

1. e4 c5 2. Nf3 d6 3. Bb5+ Bd7 4. Bxd7+ Qxd7 5. O-O Nf6 6. d4 cxd4 7. Qxd4 Nc6
8. Qe3 g6 9. h3 Bg7 10. c4 O-O 11. Nc3 Rfc8 12. Qe2 Qe8 13. Bg5 Nd7 14. Rac1 Nc5
15. Qe3 Ne6 16. Bh6 Qf8 17. Bxg7 Qxg7 18. Rfd1 Ne5 19. Nxe5 Qxe5 20. Nd5 Nc7 21.
Rc3 Nxd5 22. Rxd5 Qe6 23. f4 Rc6 24. Qd4 Rc5 25. f5 Rxd5 26. cxd5 Qd7 27. fxg6
hxg6 28. Qc4 Kf8 29. a4 Qd8 30. Qc7 Qxc7 31. Rxc7 Rb8 32. h4 a5 33. b4 axb4 34.
Rc4 b3 35. Rb4 Ra8 36. Kf2 b2 37. Kf3 Rxa4 38. Rxb2 Ra7 39. Kf4 Kg7 40. g4 Kf6
41. Rb6 e5+ 1/2-1/2